000 01026cam a2200313 i 4500
001 15177671
003 EG-ScBUE
005 20250521084609.0
008 080212t2008 gw a f b 001 0 eng d
020 _a9783540745686 (hbk.)
035 _a(OCoLC)ocn178311742
040 _aEG-ScBUE
_beng
_erda
_cEG-ScBUE
_dEG-ScBUE
082 0 4 _a531.33
_222
_bDAV
100 1 _aDavison, L. W.
_q(Lee W.)
_94210
_eauthor.
245 1 0 _aFundamentals of shock wave propagation in solids /
_cLee Davison.
264 1 _aBerlin :
_bSpringer,
_c[2008]
264 4 _cc2008
300 _axii, 433 pages :
_billustrations ;
_c25 cm.
336 _2rdacontent
_atext
_btxt
337 _aunmediated
_2rdamedia
_bn
338 _avolume
_bnc
_2rdacarrier
490 0 _aShock wave and high pressure phenomena
504 _aIncludes bibliographical references and index.
650 7 _aShock (Mechanics)
_94212
_2BUEsh
650 7 _aContinuum mechanics.
_94213
_2BUEsh
650 7 _aSolids.
_94214
_2BUEsh
655 _vReading book
942 _2ddc
_cBB
999 _c11422
_d11422